Szczegóły MARC21

Ekonomiczne Problemy Transportu /

001 -Numer kontrolny rekordu [,]
    • @
    • pole kontrolne
    • cc2000014550
005 -Data i czas ostatniej zmiany [,]
    • @
    • Data ostatniej zmiany
    • 20241231090629.0
022 -Międzynarodowy Znormalizowany Numer Wydawnictwa Ciągłego - ISSN [ , ]
    • a
    • International Standard Serial Number
    • 1509-0515
035 -Inne numery kontrolne [ , ]
    • a
    • Numer kontrolny
    • (OCoLC)749153346
040 -Instytucja sporządzająca opis [ , ]
    • a
    • Instytucja, która sporządziła opis (NP)
    • KR U/AK
    • c
    • Instytucja, która sporządziła rekord (NP)
    • KR U/AK
    • d
    • Instytucja, która zmodyfikowała rekord (P)
    • GD U/MF
    • d
    • Instytucja, która zmodyfikowała rekord (P)
    • LUBL KUL/AJs
041 -Język dokumentu [0, ]
    • a
    • Język tekstu (P)
    • polski
    • b
    • Język streszczeń(P)
    • angielski
942 -Rodzaj dokumentu [ , ]
    • c
    • Rodzaj dokumentu
    • Wydaw. ciągłe w tym czasopisma
998 -Inne dane NUKAT [ , ]
    • a
    • Numer systemowy
    • vtls000022132
210 -Skrót tytułu [1, ]
    • a
    • Skrót tytułu
    • Ekonom. Probl. Transp.
222 -Tytuł kluczowy [ ,0]
    • a
    • Tytuł kluczowy
    • Ekonomiczne Problemy Transportu
245 -Strefa tytułu i oznaczenia odpowiedzialności [0,0]
    • a
    • Tytuł
    • Ekonomiczne Problemy Transportu /
    • c
    • Pozostałe elementy strefy tytułu i oznaczenia odpowiedzialności (NP)
    • Uniwersytet Szczeciński.
246 -Wariant tytułu [1,6]
    • a
    • Tytuł (NP)
    • Zeszyty Naukowe Uniwersytetu Szczecińskiego.
    • p
    • Nazwa części (P)
    • Ekonomiczne Problemy Transportu
260 -Strefa adresu wydawniczego [ , ]
    • a
    • Miejsce wydania (P)
    • Szczecin :
    • b
    • Nazwa wydawcy (P)
    • Wydaw. Nauk. US,
    • c
    • Data wydania (P)
    • 1999-2002.
830 -Hasło dodatkowe serii i opisu książki wielotomowej - tytuł ujednolicony/tytuł [ ,0]
    • a
    • Tytuł ujednolicony/tytuł (NP)
    • Zeszyty Naukowe - Uniwersytet Szczeciński
    • x
    • ISSN
    • 1640-6818
300 -Strefa opisu fizycznego [ , ]
    • c
    • Format (NP)
    • 24 cm.
310 -Częstotliwość [ , ]
    • a
    • Częstotliwość
    • Niereg.
336 -Typ zawartości [ , ]
    • a
    • Termin opisujący typ zawartości
    • Tekst
    • b
    • Typ/rodzaj nośnika
    • txt
    • 2
    • Źródło (termin i kod)
    • rdacontent
337 -Typ mediów [ , ]
    • a
    • Tryb odtwarzania
    • Bez urządzenia pośredniczącego
    • b
    • Kod typu mediów
    • n
    • 2
    • Źródło (termin i kod)
    • rdamedia
338 -Typ/rodzaj nośnika [ , ]
    • a
    • Hasło opisujące typ nośnika
    • Wolumin
    • b
    • Kod typu nośnika
    • nc
    • 2
    • Źródło (termin i kod)
    • rdacarrier
362 -Strefa numeracji [0, ]
    • a
    • Strefa numeracji
    • Nr 1-nr 3.
490 -Strefa serii i książki wielotomowej - forma nie do wyszukiwania [1, ]
    • a
    • Tytuł (P)
    • Zeszyty Naukowe / Uniwersytet Szczeciński
500 -Uwaga ogólna [ , ]
    • a
    • Uwaga ogólna (NP)
    • W zbiorze og. Zeszytów Naukowych z. 1 oznaczony jako nr 256, z. 3 jako nr 323.
546 -Uwaga dot. języka [ , ]
    • a
    • Uwaga dot. języka
    • Tekst pol. streszcz. ang.
650 -Hasło przedmiotowe - nazwa pospolita [ ,7]
    • a
    • Hasło przedmiotowe
    • Transport
    • x
    • Określnik rzeczowy
    • aspekt ekonomiczny
710 -Hasło dodatkowe - nazwa ciała zbiorowego [2, ]
    • a
    • Nazwa ciała zbiorowego lub nazwa geograficzna jako pierwszy element (NP)
    • Uniwersytet Szczeciński.
785 -Tytuł następny wydawnictwa [0,2]
    • t
    • Title
    • Problemy Transportu i Logistyki
    • g
    • Relationship information
    • 2003-
    • x
    • International Standard Serial Number
    • 1644-275X
    • w
    • Record control number
    • (NUKAT)zz2003968761
952 -Egzemplarz [ , ]
    • c
    • Sygnatura
    • Cg.28344(Pdc)
    • d
    • Lokalizacja
    • BG Dział Udostępniania Biblioteka Główna
    • i
    • Nr tomu wydaw.cg
    • Nr 1 (1999)
    • y
    • Status udostępniania
    • Tylko na miejscu
952 -Egzemplarz [ , ]
    • c
    • Sygnatura
    • Cg.28344(Pdc)
    • d
    • Lokalizacja
    • BG Dział Udostępniania Biblioteka Główna
    • i
    • Nr tomu wydaw.cg
    • Nr 2 (2000)
    • y
    • Status udostępniania
    • Tylko na miejscu
952 -Egzemplarz [ , ]
    • c
    • Sygnatura
    • Tc.484
    • d
    • Lokalizacja
    • T Biblioteka Kampusowa Cukrowa EFZ
    • i
    • Nr tomu wydaw.cg
    • Nr 1 (1999).
    • y
    • Status udostępniania
    • Tylko na miejscu
952 -Egzemplarz [ , ]
    • c
    • Sygnatura
    • Tc.484
    • d
    • Lokalizacja
    • T Biblioteka Kampusowa Cukrowa EFZ
    • i
    • Nr tomu wydaw.cg
    • Nr 2 (2000).
    • y
    • Status udostępniania
    • Tylko na miejscu
952 -Egzemplarz [ , ]
    • c
    • Sygnatura
    • Tc.484
    • d
    • Lokalizacja
    • T Biblioteka Kampusowa Cukrowa EFZ
    • i
    • Nr tomu wydaw.cg
    • Nr 3 (2002).
    • y
    • Status udostępniania
    • Tylko na miejscu
952 -Egzemplarz [ , ]
    • a
    • Numer inwentarzowy
    • Ec.48156
    • c
    • Sygnatura
    • Ec.48156
    • d
    • Lokalizacja
    • BE Biblioteka Ekonomiczna
    • i
    • Nr tomu wydaw.cg
    • Nr 1 (1999)
    • p
    • Kod kreskowy
    • 2003200481561
    • r
    • Cena
    • 0.00
    • y
    • Status udostępniania
    • Tylko na miejscu
952 -Egzemplarz [ , ]
    • a
    • Numer inwentarzowy
    • Ec.48782
    • c
    • Sygnatura
    • Ec.48156
    • d
    • Lokalizacja
    • BE Biblioteka Ekonomiczna
    • i
    • Nr tomu wydaw.cg
    • Nr 2 (2000)
    • p
    • Kod kreskowy
    • 2003200487822
    • r
    • Cena
    • 0.00
    • y
    • Status udostępniania
    • Tylko na miejscu
952 -Egzemplarz [ , ]
    • a
    • Numer inwentarzowy
    • Ec.49679
    • c
    • Sygnatura
    • Ec.48156
    • d
    • Lokalizacja
    • BE Biblioteka Ekonomiczna
    • i
    • Nr tomu wydaw.cg
    • Nr 3 (2002)
    • p
    • Kod kreskowy
    • 2003200496794
    • r
    • Cena
    • 0.00
    • y
    • Status udostępniania
    • Tylko na miejscu